000 00518nam a22001457a 4500
005 20120427131413.0
020 _a8172233892
_c195.00
035 _aA-997676
037 _aDPL
_bENG
245 _aOn the abyss :
_bPakistan after the coup /
260 _aNew Delhi
_bHarperCollins Publishers India
_c2000
300 _aix, 280p.
_c20 cms.
942 _2ddc
_cEN
_h320.9547
_mONT
999 _c65740
_d65740